000 00241nam a2200097Ia 4500
001 690262
005 20250826161813.0
008 250824s9999 xx 000 0 und d
245 0 _aGÖLGE İKTİDAR
_cŞAMİL TAYYAR
260 _bTİMAŞ YAYINLARI
999 _c690262
_d690262